000 00580nam a2200205Ia 4500
003 IN-BaIIA
008 211028s9999 xx 000 0 eng d
040 _cIIA Library
080 _a538
_bBAT
100 _aBates, L. F.
_92771
245 0 _aModern magnetism
_cL. F.Bates
250 _a2nd ed.
260 _aCambridge
_bCambridge University Press
_c1948
300 _axi, 440p.
500 _aDonated by Mrs. Bappu
650 _aMagnetic Properties
_92241
650 _aMagnetism
_956
650 _aNASA Thesaurus
942 _cBK
999 _c7559
_d7559